| 000 | 00366 a2200133 4500 | ||
|---|---|---|---|
| 005 | 20251111131824.0 | ||
| 020 | _a9812400621 | ||
| 082 | _a621.395 YAR | ||
| 100 | _aYARBOUGH,J. | ||
| 245 | _aDigital Logic: Application and Design | ||
| 260 |
_aNew Dehli _bThomson Learning _c1997 |
||
| 300 |
_axx,698p.:ill.picture,table _bBibliography& Index. _c25cm. |
||
| 942 |
_2ddc _cBKS |
||
| 999 |
_c6795 _d6795 |
||